| 000 | 00894cam a22002534a 4500 | ||
|---|---|---|---|
| 020 | _a0764543512 (paper/website) | ||
| 040 | _cDLC | ||
| 082 | 0 | 0 | _a004 WIL 2004 A006 Or. |
| 100 | 1 | _aRizzo, John. | |
| 245 | 1 | 0 |
_aMac toys : _b12 cool projects for home, office, and entertainment / |
| 260 |
_aIndianapolis, Ind. : _bWiley Pub., _cc2004. |
||
| 300 |
_axx, 364 p. : _bill. ; _c24 cm. |
||
| 650 | 0 | _aHome automation. | |
| 650 | 0 | _aComputer input-output equipment. | |
| 650 | 0 | _aHome computer networks. | |
| 650 | 0 | _aHousehold electronics. | |
| 650 | 0 | _aHome entertainment systems. | |
| 650 | 0 | _aMacintosh (Computer) | |
| 700 | 1 | _aKnaster, Scott. | |
| 856 | 4 | 1 | _uhttp://www.loc.gov/catdir/toc/ecip0412/2003026649.html |
| 856 | 4 | 2 | _uhttp://www.loc.gov/catdir/description/wiley041/2003026649.html |
| 856 | 4 | 2 | _uhttp://www.loc.gov/catdir/enhancements/fy0614/2003026649-b.html |
| 942 | _cEK | ||
| 999 |
_c11969 _d11969 |
||